Central Library OPAC University of Rajshahi

The law of pre-trial statements and depositions / (Record no. 79770)

MARC details
000 -LEADER
fixed length control field 00671nam a2200217 a 4500
003 - CONTROL NUMBER IDENTIFIER
rucl marc code BD-RjUL
005 - DATE AND TIME OF LATEST TRANSACTION
control field 20220509115635.0
008 - FIXED-LENGTH DATA ELEMENTS--GENERAL INFORMATION
fixed length control field 220509s1952 ii ||||| |||| 00| 0 eng d
035 ## - SYSTEM CONTROL NUMBER
System control number (BD-RjUL)
040 ## - CATALOGING SOURCE
Original cataloging agency BD-RjUL
Language of cataloging eng
Transcribing agency BD-RjUL
041 ## - LANGUAGE CODE
Language code of text/sound track or separate title eng
082 ## - DEWEY DECIMAL CLASSIFICATION NUMBER
Edition number 23
Classification number 347.06
Author mark and year RAL 1952
100 ## - MAIN ENTRY--PERSONAL NAME
Personal name Rao, Y.H.
9 (RLIN) 2836
245 10 - TITLE STATEMENT
Title The law of pre-trial statements and depositions /
Statement of responsibility, etc. by Y.H. Rao ; assisted by Y.R. Rao.
260 ## - PUBLICATION, DISTRIBUTION, ETC. (IMPRINT)
Place of publication, distribution, etc. Gudur :
Name of publisher, distributor, etc. Criminal law publications,
Date of publication, distribution, etc. 1952
300 ## - PHYSICAL DESCRIPTION
Pagination xli pages, 1 leaf, 518 pages ;
Size 25 cm.
650 ## - SUBJECT ADDED ENTRY--TOPICAL TERM
Topical term or geographic name as entry element Evidence (Law)
9 (RLIN) 2837
Topical term or geographic name as entry element Evidence (Law)
Geographic subdivision India
9 (RLIN) 2838
700 ## - ADDED ENTRY--PERSONAL NAME
Personal name Rao, Y.R.
942 ## - ADDED ENTRY ELEMENTS (KOHA)
Source of classification or shelving scheme Dewey Decimal Classification
Koha item type Books
Holdings
Lost status Source of classification or shelving scheme Damaged status Not for loan Collection code Permanent Location Current Location Shelving location Date acquired Source of acquisition Cost, normal purchase price Full call number Date last seen Copy number Koha item type
  Dewey Decimal Classification   Not For Loan Non-fiction Central Library, University of Rajshahi Central Library, University of Rajshahi Reading Room 10/06/1955 Allies Books 17.08 347.06 RAL 1952 09/05/2022 C-1 Books